Schnelle Mathematik - Quadratzahlen Level 12 - Statistiken

Allgemein
  • Dieses Quiz wurde 179 mal gespielt
  • Das Durchschnittsergebnis liegt bei 14 aus 20
Antwortstatistiken
Frage Antwort % Korrekt
9
100%
1
93%
16
93%
4
93%
49
92%
64
87%
81
86%
10² 100
85%
12² 144
85%
25
82%
36
82%
11² 121
79%
13² 169
77%
15² 225
75%
20² 400
73%
16² 256
69%
14² 196
64%
25² 625
56%
17² 289
54%
21² 441
54%
22² 484
47%
23² 529
46%
19² 361
44%
18² 324
40%
24² 576
23%
Keine übereinstimmenden Quizze gefunden
Verteilung der Resultate
Anzahl Personen mit jedem Resultat
Perzentil nach korrekt beantworteten Fragen
Ihre Resultats-Entwicklung
Sie haben dieses Quiz noch nicht gespielt